[Event "43. Olimpiada Batumi 2018 Femenina"]
[Site "Batumi GEO"]
[Date "2018.09.24"]
[Round "1.4"]
[White "Gonzalez, Yaribeth"]
[Black "Ratsma, Rosa"]
[Result "0-1"]
[WhiteElo "1727"]
[BlackElo "2260"]
[PlyCount "78"]
[EventDate "2018.09.24"]
[EventType "team-swiss"]
[EventRounds "11"]
[EventCountry "GEO"]
[SourceTitle "Ajedrez en Madrid"]
[Source "lmi"]
[SourceDate "2018.09.24"]
[WhiteTeam "Panama"]
[BlackTeam "Netherlands"]
[WhiteTeamCountry "PAN"]
[BlackTeamCountry "NED"]

1. e4 c5 2. Nf3 d6 3. Bc4 e6 4. d3 Nf6 5. O-O Be7 6. c3 Nc6 7. Re1 O-O 8. Bg5
h6 9. Bh4 Na5 10. Bb3 Nxb3 11. Qxb3 b6 12. Nbd2 g5 13. e5 dxe5 14. Bg3 Qxd3 15.
Nxe5 Qd5 16. Qxd5 Nxd5 17. Nc6 Bb7 18. Nxe7+ Nxe7 19. h4 Rfd8 20. Nf1 Nf5 21.
hxg5 hxg5 22. Rad1 Rd5 23. Rxd5 Bxd5 24. a3 f6 25. Rd1 Kf7 26. f3 Ke7 27. Kf2
Bb3 28. Rd2 e5 29. Ne3 Nd6 30. Bh2 Rh8 31. Bg1 Ke6 32. g4 a5 33. Kf1 Rf8 34.
Rh2 Nc4 35. Nf5 Rd8 36. Rh7 Nxb2 37. Re7+ Kd5 38. Ne3+ Kc6 39. Re6+ Bxe6 0-1

[Event "43. Olimpiada Batumi 2018 Femenina"]
[Site "Batumi GEO"]
[Date "2018.09.24"]
[Round "1.1"]
[White "Premanath, Dinushki"]
[Black "Munguntuul, Batkhuyag"]
[Result "0-1"]
[WhiteElo "1813"]
[BlackElo "2422"]
[PlyCount "60"]
[EventDate "2018.09.24"]
[EventType "team-swiss"]
[EventRounds "11"]
[EventCountry "GEO"]
[SourceTitle "Ajedrez en Madrid"]
[Source "lmi"]
[SourceDate "2018.09.24"]
[WhiteTeam "Sri Lanka"]
[BlackTeam "Mongolia"]
[WhiteTeamCountry "SRI"]
[BlackTeamCountry "MGL"]

1. e4 c5 2. Nc3 Nc6 3. g3 g6 4. Bg2 Bg7 5. d3 e6 6. Be3 d6 7. Qd2 Rb8 8. a4 Nd4
9. f4 Ne7 10. Nf3 Nec6 11. O-O O-O 12. g4 a6 13. Kh1 f5 14. gxf5 gxf5 15. Rg1
Kh8 16. Qf2 Bd7 17. Ng5 h6 18. Nf3 Rg8 19. Bh3 Nxf3 20. Qxf3 Nd4 21. Qf2 Bf6
22. Rxg8+ Qxg8 23. Rg1 Qf7 24. Bg2 Bc6 25. exf5 Nxf5 26. Rf1 Bxg2+ 27. Kxg2
Rg8+ 28. Kh1 Qh5 29. Rg1 Rxg1+ 30. Qxg1 Qf3+ 0-1

[Event "43. Olimpiada Batumi 2018 Femenina"]
[Site "Batumi GEO"]
[Date "2018.09.24"]
[Round "1.2"]
[White "Nomin-Erdene, Davaademberel"]
[Black "Ranasinghe, S D."]
[Result "1-0"]
[WhiteElo "2377"]
[BlackElo "1785"]
[PlyCount "65"]
[EventDate "2018.09.24"]
[EventType "team-swiss"]
[EventRounds "11"]
[EventCountry "GEO"]
[SourceTitle "Ajedrez en Madrid"]
[Source "lmi"]
[SourceDate "2018.09.24"]
[WhiteTeam "Mongolia"]
[BlackTeam "Sri Lanka"]
[WhiteTeamCountry "MGL"]
[BlackTeamCountry "SRI"]

1. e4 c5 2. Nf3 a6 3. c4 Nc6 4. d4 cxd4 5. Nxd4 e5 6. Nf5 d5 7. cxd5 Bxf5 8.
exf5 Nd4 9. Nc3 b5 10. Bd3 Ne7 11. Bg5 Qd6 12. f6 Nc8 13. Ne4 Qb6 14. O-O h6
15. Be3 gxf6 16. Bxd4 Qxd4 17. Nxf6+ Ke7 18. Qf3 Nd6 19. Nh5 Rg8 20. Rfe1 Bg7
21. Bh7 Bh8 22. Bxg8 Rxg8 23. Ng3 Qxb2 24. Nf5+ Nxf5 25. Qxf5 Qd4 26. Rac1 Qa7
27. Rc6 Qd7 28. d6+ Kd8 29. Qc2 Rg4 30. Rc7 Qe6 31. Ra7 Rc4 32. Qh7 Qe8 33. d7
1-0

[Event "43. Olimpiada Batumi 2018 Femenina"]
[Site "Batumi GEO"]
[Date "2018.09.24"]
[Round "1.3"]
[White "De Silva, Tenara"]
[Black "Munkhzul, Turmunkh"]
[Result "0-1"]
[WhiteElo "1764"]
[BlackElo "2149"]
[PlyCount "98"]
[EventDate "2018.09.24"]
[EventType "team-swiss"]
[EventRounds "11"]
[EventCountry "GEO"]
[SourceTitle "Ajedrez en Madrid"]
[Source "lmi"]
[SourceDate "2018.09.24"]
[WhiteTeam "Sri Lanka"]
[BlackTeam "Mongolia"]
[WhiteTeamCountry "SRI"]
[BlackTeamCountry "MGL"]

1. e4 c5 2. Nf3 d6 3. d4 cxd4 4. Nxd4 Nf6 5. f3 a6 6. c4 g6 7. Nc3 Bg7 8. Be3
O-O 9. Be2 Nc6 10. Qd2 Bd7 11. O-O Rc8 12. Rac1 Ne5 13. b3 Bc6 14. Nd5 Bxd5 15.
cxd5 Qd7 16. Bg5 Rxc1 17. Rxc1 Rc8 18. Bxf6 Bxf6 19. f4 Rxc1+ 20. Qxc1 Nd3 21.
Bxd3 Bxd4+ 22. Kh1 Qg4 23. Qd2 Be3 24. Qxe3 Qd1+ 25. Qg1 Qxd3 26. Qe1 Qc2 27.
h3 Qxa2 28. Qc3 Qb1+ 29. Kh2 Qxe4 30. Qc8+ Kg7 31. Qxb7 Qxf4+ 32. Kh1 Qf1+ 33.
Kh2 Qe2 34. Qc6 f5 35. Qc7 Kf7 36. Qc6 f4 37. Qc3 f3 38. Qxf3+ Qxf3 39. gxf3
Kf6 40. f4 Kf5 41. Kg3 Ke4 42. Kg4 Kxd5 43. Kg5 Ke4 44. h4 d5 45. Kh6 Kxf4 46.
Kxh7 Kf5 47. Kg7 d4 48. Kf7 d3 49. Kxe7 d2 0-1

[Event "43. Olimpiada Batumi 2018 Femenina"]
[Site "Batumi GEO"]
[Date "2018.09.24"]
[Round "1.1"]
[White "Zimina, Olga"]
[Black "Ahmad Murad, Fatema Alzahraa"]
[Result "1-0"]
[WhiteElo "2421"]
[BlackElo "1649"]
[PlyCount "114"]
[EventDate "2018.09.24"]
[EventType "team-swiss"]
[EventRounds "11"]
[EventCountry "GEO"]
[SourceTitle "Ajedrez en Madrid"]
[Source "lmi"]
[SourceDate "2018.09.24"]
[WhiteTeam "Italy"]
[BlackTeam "Syria"]
[WhiteTeamCountry "ITA"]
[BlackTeamCountry "SYR"]

1. Nf3 Nf6 2. c4 c6 3. b3 d5 4. Bb2 e6 5. g3 Bc5 6. d4 Bb4+ 7. Bc3 Qa5 8. Bxb4
Qxb4+ 9. Qd2 Qxd2+ 10. Nbxd2 Nbd7 11. Bg2 O-O 12. O-O Re8 13. Ne5 Nxe5 14. dxe5
Nd7 15. f4 Nb6 16. Rac1 a5 17. e4 d4 18. c5 Nd7 19. Nf3 b6 20. cxb6 c5 21. Rf2
Ba6 22. Bf1 Bxf1 23. Kxf1 Rab8 24. Ne1 Rxb6 25. Nd3 Rc8 26. Rfc2 Rbc6 27. Rc4
Kf8 28. Ra4 Ra8 29. Rxd4 cxd4 30. Rxc6 Ke7 31. Ke2 f6 32. exf6+ gxf6 33. e5
fxe5 34. fxe5 Rb8 35. Kf3 Rb5 36. Ke4 Rb6 37. Rxb6 Nxb6 38. Kxd4 Nd5 39. a3 Kd7
40. Nc5+ Ke7 41. Nb7 Nc7 42. a4 Nd5 43. Nxa5 Nb4 44. Nc4 Kd7 45. g4 Nd5 46. Kc5
Nf4 47. a5 Nd3+ 48. Kb6 Kc8 49. Kc6 Nf2 50. a6 Kb8 51. b4 Nxg4 52. h3 Nf2 53.
h4 Nd3 54. b5 h5 55. Kd6 Nf4 56. b6 Nd3 57. Na5 Ka8 1-0

[Event "43. Olimpiada Batumi 2018 Femenina"]
[Site "Batumi GEO"]
[Date "2018.09.24"]
[Round "1.2"]
[White "Yazji, Mada"]
[Black "Di Benedetto, Desiree"]
[Result "1/2-1/2"]
[WhiteElo "1726"]
[BlackElo "2321"]
[PlyCount "111"]
[EventDate "2018.09.24"]
[EventType "team-swiss"]
[EventRounds "11"]
[EventCountry "GEO"]
[SourceTitle "Ajedrez en Madrid"]
[Source "lmi"]
[SourceDate "2018.09.24"]
[WhiteTeam "Syria"]
[BlackTeam "Italy"]
[WhiteTeamCountry "SYR"]
[BlackTeamCountry "ITA"]

1. e4 e6 2. d4 d5 3. Nc3 Nf6 4. e5 Nfd7 5. f4 c5 6. Nf3 Nc6 7. Be3 a6 8. a3 b5
9. dxc5 Bxc5 10. Bxc5 Nxc5 11. Nd4 Bb7 12. g3 Qb6 13. Nce2 Ne4 14. Bg2 Rc8 15.
O-O O-O 16. Kh1 Na5 17. b3 Nc6 18. Nxc6 Qxc6 19. Nd4 Qc3 20. Rf3 Qa5 21. h3 Rc3
22. Kh2 Rfc8 23. g4 Qb6 24. Rxc3 Rxc3 25. Ne2 Rc8 26. Nd4 f6 27. exf6 gxf6 28.
a4 b4 29. a5 Qd6 30. Ne2 Nc3 31. Nxc3 Qxf4+ 32. Kh1 Rxc3 33. Qe2 Re3 34. Qd1
Qf2 35. Qg1 Qxg1+ 36. Kxg1 Rc3 37. Ra2 Kf7 38. Ra4 Rxc2 39. Rxb4 Rc7 40. Rb6
Bc8 41. Bf1 Ke7 42. Bxa6 Bxa6 43. Rxa6 Rb7 44. Kg2 Rxb3 45. Ra7+ Kd6 46. Rxh7
Ra3 47. Ra7 Ke5 48. a6 d4 49. h4 Kf4 50. h5 Kxg4 51. h6 Ra2+ 52. Kg1 Ra1+ 53.
Kg2 Ra2+ 54. Kg1 Ra1+ 55. Kg2 Ra2+ 56. Kg1 1/2-1/2

[Event "43. Olimpiada Batumi 2018 Femenina"]
[Site "Batumi GEO"]
[Date "2018.09.24"]
[Round "1.3"]
[White "Brunello, Marina"]
[Black "Alkaseer, Roaa"]
[Result "1-0"]
[WhiteElo "2294"]
[BlackElo "1708"]
[PlyCount "73"]
[EventDate "2018.09.24"]
[EventType "team-swiss"]
[EventRounds "11"]
[EventCountry "GEO"]
[SourceTitle "Ajedrez en Madrid"]
[Source "lmi"]
[SourceDate "2018.09.24"]
[WhiteTeam "Italy"]
[BlackTeam "Syria"]
[WhiteTeamCountry "ITA"]
[BlackTeamCountry "SYR"]

1. e4 c5 2. Nf3 d6 3. d4 cxd4 4. Nxd4 Nf6 5. Nc3 a6 6. Be2 e6 7. Be3 Be7 8. f3
Qc7 9. Qd2 Nc6 10. O-O-O b5 11. g4 b4 12. Nb1 Rb8 13. g5 Nd7 14. f4 Nxd4 15.
Qxd4 e5 16. fxe5 dxe5 17. Qd3 Nc5 18. Bxc5 Qxc5 19. h4 O-O 20. Nd2 Rd8 21. Qb3
Be6 22. Qa4 a5 23. Kb1 Qe3 24. Bd3 Qb6 25. Nc4 Qc5 26. b3 Ra8 27. Be2 Kf8 28.
Rxd8+ Bxd8 29. Rd1 Qf2 30. Bd3 Qc5 31. Nb2 Ke7 32. Bc4 Bg4 33. Nd3 Qd4 34. Rf1
f6 35. gxf6+ gxf6 36. Qc6 Qd6 37. Qxa8 1-0

[Event "43. Olimpiada Batumi 2018 Femenina"]
[Site "Batumi GEO"]
[Date "2018.09.24"]
[Round "1.4"]
[White "Mahmoud, Roula"]
[Black "Movileanu, Daniela"]
[Result "0-1"]
[WhiteElo "1795"]
[BlackElo "2168"]
[PlyCount "74"]
[EventDate "2018.09.24"]
[EventType "team-swiss"]
[EventRounds "11"]
[EventCountry "GEO"]
[SourceTitle "Ajedrez en Madrid"]
[Source "lmi"]
[SourceDate "2018.09.24"]
[WhiteTeam "Syria"]
[BlackTeam "Italy"]
[WhiteTeamCountry "SYR"]
[BlackTeamCountry "ITA"]

1. e4 c5 2. Nf3 d6 3. d4 cxd4 4. Nxd4 Nf6 5. Nc3 a6 6. Be2 e6 7. O-O Be7 8. Be3
Nc6 9. f4 Bd7 10. Qe1 b5 11. a3 O-O 12. g4 Nxd4 13. Bxd4 Bc6 14. Bf3 Qc7 15.
Qg3 Nd7 16. f5 Ne5 17. Be2 Bf6 18. Qe3 Qe7 19. Rf2 Bb7 20. Raf1 Rac8 21. Bxe5
Bxe5 22. Bd3 exf5 23. gxf5 Qf6 24. Nd1 Bd4 25. Qg3 Qe5 26. Qg4 Kh8 27. c3 Bxf2+
28. Nxf2 d5 29. Re1 Rce8 30. Bc2 Qf6 31. Nd3 dxe4 32. Nc5 Bc6 33. Nxa6 Bd7 34.
Nc7 Qb6+ 35. Kh1 Qxc7 36. Re3 Qe5 37. Rxe4 Bc6 0-1

[Event "43. Olimpiada Batumi 2018 Femenina"]
[Site "Batumi GEO"]
[Date "2018.09.24"]
[Round "1.1"]
[White "Figueroa, Any"]
[Black "Vo, Thi Kim Phung"]
[Result "0-1"]
[WhiteElo "1739"]
[BlackElo "2368"]
[PlyCount "68"]
[EventDate "2018.09.24"]
[EventType "team-swiss"]
[EventRounds "11"]
[EventCountry "GEO"]
[SourceTitle "Ajedrez en Madrid"]
[Source "lmi"]
[SourceDate "2018.09.24"]
[WhiteTeam "Honduras"]
[BlackTeam "Vietnam"]
[WhiteTeamCountry "HON"]
[BlackTeamCountry "VIE"]

1. d4 Nf6 2. Nf3 c5 3. c4 cxd4 4. Nxd4 Nc6 5. g3 g6 6. Bg2 Bg7 7. Nc3 O-O 8.
O-O Nxd4 9. Qxd4 d6 10. Qd3 Bf5 11. e4 Be6 12. h3 Qc8 13. Nd5 Nxd5 14. exd5
Bxh3 15. Bxh3 Qxh3 16. Re1 Bf6 17. Rb1 Rfc8 18. b3 h5 19. Bb2 h4 20. Bxf6 exf6
21. Re7 Kg7 22. Qf1 Qg4 23. Qg2 Rh8 24. gxh4 Qxh4 25. Rbe1 b6 26. R1e4 Qh5 27.
Kf1 Qd1+ 28. Re1 Qd3+ 29. R1e2 Rae8 30. Qe4 Qd1+ 31. Re1 Rxe7 32. Qxe7 Rh1+ 33.
Kg2 Rxe1 34. Qxd6 Rg1+ 0-1

[Event "43. Olimpiada Batumi 2018 Femenina"]
[Site "Batumi GEO"]
[Date "2018.09.24"]
[Round "1.2"]
[White "Hoang, Thi Bao Tram"]
[Black "Cruz, Bitia"]
[Result "1-0"]
[WhiteElo "2323"]
[BlackElo "1702"]
[PlyCount "60"]
[EventDate "2018.09.24"]
[EventType "team-swiss"]
[EventRounds "11"]
[EventCountry "GEO"]
[SourceTitle "Ajedrez en Madrid"]
[Source "lmi"]
[SourceDate "2018.09.24"]
[WhiteTeam "Vietnam"]
[BlackTeam "Honduras"]
[WhiteTeamCountry "VIE"]
[BlackTeamCountry "HON"]

1. Nf3 Nf6 2. g3 e6 3. Bg2 d5 4. O-O c5 5. d3 Nc6 6. Nbd2 Be7 7. Re1 O-O 8. c3
a5 9. e4 d4 10. c4 Nb4 11. Nf1 a4 12. h3 Bd7 13. N3h2 Rb8 14. a3 Na6 15. Bf4
Nc7 16. e5 Nfe8 17. Qh5 b5 18. Rab1 b4 19. Nd2 g6 20. Qh6 Ng7 21. g4 Nce8 22.
Nhf3 bxa3 23. bxa3 Rxb1 24. Rxb1 Qa5 25. Ne4 f6 26. exf6 Bxf6 27. Nxf6+ Nxf6
28. Bd6 Re8 29. Be5 Qd8 30. Ng5 Bc8 1-0

[Event "43. Olimpiada Batumi 2018 Femenina"]
[Site "Batumi GEO"]
[Date "2018.09.24"]
[Round "1.3"]
[White "Ortiz, Katherine Berenice"]
[Black "Nguyen, Thi Mai Hung"]
[Result "0-1"]
[WhiteElo "1822"]
[BlackElo "2244"]
[PlyCount "126"]
[EventDate "2018.09.24"]
[EventType "team-swiss"]
[EventRounds "11"]
[EventCountry "GEO"]
[SourceTitle "Ajedrez en Madrid"]
[Source "lmi"]
[SourceDate "2018.09.24"]
[WhiteTeam "Honduras"]
[BlackTeam "Vietnam"]
[WhiteTeamCountry "HON"]
[BlackTeamCountry "VIE"]

1. e4 c5 2. Nf3 g6 3. c3 Bg7 4. g3 Nc6 5. Bg2 Nf6 6. d3 d6 7. O-O O-O 8. Re1 e5
9. h3 b6 10. Be3 d5 11. exd5 Nxd5 12. Bg5 f6 13. Bd2 Bb7 14. Qa4 Nde7 15. d4
cxd4 16. cxd4 Nxd4 17. Nxd4 Bxg2 18. Kxg2 exd4 19. Bb4 Re8 20. Bxe7 Rxe7 21.
Rxe7 Qxe7 22. Qxd4 Qb7+ 23. Kg1 f5 24. Qc4+ Qf7 25. Qxf7+ Kxf7 26. Nc3 Rc8 27.
Nb5 Rc2 28. Rd1 Rxb2 29. Rd7+ Kf8 30. a4 a5 31. Nc7 Re2 32. Na8 Re6 33. Kf1 h5
34. Nc7 Rc6 35. Ke2 Be5 36. Nb5 Rc2+ 37. Ke3 Ra2 38. f4 Bf6 39. Rd6 Be7 40.
Rxg6 Rxa4 41. Kd3 h4 42. gxh4 Rxf4 43. Rxb6 Bxh4 44. Ra6 Be1 45. Nd4 Kf7 46.
Ra7+ Kg6 47. Ra6+ Kh5 48. Rf6 Kg5 49. Rc6 Re4 50. Rc8 Bb4 51. Rc2 Re8 52. Rg2+
Kf6 53. Rf2 Re5 54. Kc4 Rc5+ 55. Kb3 Re5 56. Kc4 Bd6 57. Rf1 a4 58. h4 Rc5+ 59.
Kd3 a3 60. Rf2 Ra5 61. Ra2 Ra4 62. Nb5 Bf8 63. Ke2 Rxh4 0-1

[Event "43. Olimpiada Batumi 2018 Femenina"]
[Site "Batumi GEO"]
[Date "2018.09.24"]
[Round "1.4"]
[White "Bach, Ngoc Thuy Duong"]
[Black "Garcia, Marcella"]
[Result "1-0"]
[WhiteElo "2161"]
[BlackElo "1755"]
[PlyCount "85"]
[EventDate "2018.09.24"]
[EventType "team-swiss"]
[EventRounds "11"]
[EventCountry "GEO"]
[SourceTitle "Ajedrez en Madrid"]
[Source "lmi"]
[SourceDate "2018.09.24"]
[WhiteTeam "Vietnam"]
[BlackTeam "Honduras"]
[WhiteTeamCountry "VIE"]
[BlackTeamCountry "HON"]

1. d4 d5 2. c4 e6 3. Nc3 Nf6 4. cxd5 exd5 5. Bg5 Be7 6. Qc2 c6 7. e3 Nbd7 8.
Bd3 h6 9. Bh4 Nf8 10. Nf3 Ng6 11. Bxg6 fxg6 12. Qxg6+ Kf8 13. Ne5 Be6 14. O-O
Kg8 15. f4 Qe8 16. Qxe8+ Rxe8 17. Ng6 Rh7 18. f5 Bc8 19. Nxe7+ Rxe7 20. Rae1
Kf7 21. e4 dxe4 22. Bxf6 gxf6 23. Rxe4 Kf8 24. Rff4 Bd7 25. Kf2 h5 26. g3 Rhg7
27. Rxe7 Kxe7 28. Ne4 Rg4 29. Kf3 Rxf4+ 30. Kxf4 Be8 31. h3 Bf7 32. a3 Bd5 33.
g4 hxg4 34. hxg4 Bxe4 35. Kxe4 Kd7 36. Kf4 Ke8 37. g5 fxg5+ 38. Kxg5 Kf7 39. f6
a6 40. Kf5 b5 41. b4 Kf8 42. Ke6 Ke8 43. Kd6 1-0

[Event "43. Olimpiada Batumi 2018 Femenina"]
[Site "Batumi GEO"]
[Date "2018.09.24"]
[Round "1.2"]
[White "Hernandez, Bera"]
[Black "Cosma, Elena-Luminita"]
[Result "0-1"]
[WhiteElo "1778"]
[BlackElo "2328"]
[PlyCount "56"]
[EventDate "2018.09.24"]
[EventType "team-swiss"]
[EventRounds "11"]
[EventCountry "GEO"]
[SourceTitle "Ajedrez en Madrid"]
[Source "lmi"]
[SourceDate "2018.09.24"]
[WhiteTeam "El Salvador"]
[BlackTeam "Romania"]
[WhiteTeamCountry "ESA"]
[BlackTeamCountry "ROU"]

1. d4 d5 2. Nf3 Nf6 3. Bf4 c5 4. e3 Nc6 5. c3 e6 6. Nbd2 Bd6 7. Ne5 Qc7 8. Ndf3
O-O 9. g4 Nd7 10. Nxd7 Bxd7 11. Bg3 cxd4 12. exd4 e5 13. dxe5 Nxe5 14. Nxe5
Bxe5 15. Bg2 Bxg3 16. hxg3 Qc4 17. f3 Qc7 18. Rh3 Rfe8+ 19. Kf1 Qb6 20. a4 Qxb2
21. Rb1 Qxc3 22. Qxd5 Bxa4 23. Kg1 Bc6 24. Qf5 h6 25. g5 Qe3+ 26. Kh2 Qxg5 27.
Qd3 Rad8 28. Qc3 Qd2 0-1

[Event "43. Olimpiada Batumi 2018 Femenina"]
[Site "Batumi GEO"]
[Date "2018.09.24"]
[Round "1.3"]
[White "Cosman, Andreea-Marioara"]
[Black "Zavala Galindo, Alejandra Beatri"]
[Result "1-0"]
[WhiteElo "2157"]
[BlackElo "1713"]
[PlyCount "63"]
[EventDate "2018.09.24"]
[EventType "team-swiss"]
[EventRounds "11"]
[EventCountry "GEO"]
[SourceTitle "Ajedrez en Madrid"]
[Source "lmi"]
[SourceDate "2018.09.24"]
[WhiteTeam "Romania"]
[BlackTeam "El Salvador"]
[WhiteTeamCountry "ROU"]
[BlackTeamCountry "ESA"]

1. d4 Nf6 2. c4 c5 3. d5 d6 4. Nc3 g6 5. e4 Bg7 6. h3 O-O 7. Bd3 e6 8. Bg5 h6
9. Bf4 exd5 10. cxd5 a6 11. a4 Re8 12. Nge2 Qc7 13. O-O c4 14. Bc2 Nbd7 15. Nd4
Nc5 16. Re1 Nfd7 17. Nf3 Rb8 18. Qd2 Kh7 19. Bg3 b5 20. axb5 axb5 21. Nd4 Bxd4
22. Qxd4 b4 23. Nd1 Ba6 24. Ne3 Ne5 25. f4 Ned3 26. Ng4 Kg8 27. Nxh6+ Kh7 28.
Ng4 Kg8 29. Nf6+ Kf8 30. Nxe8 Rxe8 31. Bxd3 cxd3 32. Rad1 1-0

[Event "43. Olimpiada Batumi 2018 Femenina"]
[Site "Batumi GEO"]
[Date "2018.09.24"]
[Round "1.4"]
[White "Garcia Mendez, Alcira Guadalupe"]
[Black "Lehaci, Miruna-Daria"]
[Result "0-1"]
[WhiteElo "1741"]
[BlackElo "1933"]
[PlyCount "36"]
[EventDate "2018.09.24"]
[EventType "team-swiss"]
[EventRounds "11"]
[EventCountry "GEO"]
[SourceTitle "Ajedrez en Madrid"]
[Source "lmi"]
[SourceDate "2018.09.24"]
[WhiteTeam "El Salvador"]
[BlackTeam "Romania"]
[WhiteTeamCountry "ESA"]
[BlackTeamCountry "ROU"]

1. e4 e6 2. d4 d5 3. exd5 exd5 4. c4 Bb4+ 5. Nc3 Nf6 6. Bd2 O-O 7. a3 Re8+ 8.
Be2 Bxc3 9. Bxc3 dxc4 10. Nf3 Bg4 11. O-O Qd5 12. Re1 Nc6 13. h3 Bh5 14. Ne5
Bxe2 15. Qxe2 Nxd4 16. Bxd4 Qxd4 17. Rad1 Qc5 18. Qxc4 Rxe5 0-1

[Event "43. Olimpiada Batumi 2018 Femenina"]
[Site "Batumi GEO"]
[Date "2018.09.24"]
[Round "1.1"]
[White "Hoshino, Karen"]
[Black "Shvayger, Yuliya"]
[Result "0-1"]
[WhiteElo "1945"]
[BlackElo "2375"]
[PlyCount "68"]
[EventDate "2018.09.24"]
[EventType "team-swiss"]
[EventRounds "11"]
[EventCountry "GEO"]
[SourceTitle "Ajedrez en Madrid"]
[Source "lmi"]
[SourceDate "2018.09.24"]
[WhiteTeam "Japan"]
[BlackTeam "Israel"]
[WhiteTeamCountry "JPN"]
[BlackTeamCountry "ISR"]

1. d4 Nf6 2. c4 g6 3. Nc3 Bg7 4. e4 d6 5. f3 O-O 6. Be3 e5 7. d5 Nh5 8. Qd2 Nd7
9. g4 Nf4 10. Nge2 a6 11. O-O-O b5 12. Nxf4 exf4 13. Bxf4 Ne5 14. Bxe5 Bxe5 15.
cxb5 Qf6 16. Kb1 axb5 17. Be2 Bd7 18. g5 Qe7 19. Nxb5 Rfb8 20. Nd4 c5 21. dxc6
Be6 22. Nb5 Rxa2 23. c7 Rxb5 24. c8=Q+ Bxc8 25. Kxa2 Be6+ 26. Kb1 Rxb2+ 27.
Qxb2 Bxb2 28. Kxb2 Qa7 29. Rhe1 Qe3 30. Rd3 Qf2 31. Rdd1 Bc4 32. Kc3 Bxe2 33.
Ra1 Qxf3+ 34. Kb2 Bc4 0-1

[Event "43. Olimpiada Batumi 2018 Femenina"]
[Site "Batumi GEO"]
[Date "2018.09.24"]
[Round "1.2"]
[White "Efroimski, Marsel"]
[Black "Sakai, Azumi"]
[Result "1-0"]
[WhiteElo "2313"]
[BlackElo "1713"]
[PlyCount "53"]
[EventDate "2018.09.24"]
[EventType "team-swiss"]
[EventRounds "11"]
[EventCountry "GEO"]
[SourceTitle "Ajedrez en Madrid"]
[Source "lmi"]
[SourceDate "2018.09.24"]
[WhiteTeam "Israel"]
[BlackTeam "Japan"]
[WhiteTeamCountry "ISR"]
[BlackTeamCountry "JPN"]

1. e4 e6 2. d4 d5 3. Nd2 Be7 4. Ngf3 Nf6 5. e5 Nfd7 6. Bd3 c5 7. c3 Nc6 8. O-O
a5 9. a4 cxd4 10. cxd4 Nb4 11. Bb5 b6 12. Nb1 O-O 13. Bf4 Nb8 14. Na3 Bd7 15.
Re1 N8c6 16. Re3 Kh8 17. Rc3 Rc8 18. Qd2 Na7 19. Ng5 Nxb5 20. axb5 h6 21. Rh3
Kg8 22. Nf3 f6 23. Bxh6 fxe5 24. Bxg7 Kxg7 25. Qh6+ Kf7 26. Nxe5+ Ke8 27. Qg6+
1-0

[Event "43. Olimpiada Batumi 2018 Femenina"]
[Site "Batumi GEO"]
[Date "2018.09.24"]
[Round "1.3"]
[White "Kojima, Natsumi"]
[Black "Gutmakher, Olga"]
[Result "0-1"]
[WhiteElo "1655"]
[BlackElo "2258"]
[PlyCount "56"]
[EventDate "2018.09.24"]
[EventType "team-swiss"]
[EventRounds "11"]
[EventCountry "GEO"]
[SourceTitle "Ajedrez en Madrid"]
[Source "lmi"]
[SourceDate "2018.09.24"]
[WhiteTeam "Japan"]
[BlackTeam "Israel"]
[WhiteTeamCountry "JPN"]
[BlackTeamCountry "ISR"]

1. e4 c5 2. Nf3 e6 3. d4 cxd4 4. Nxd4 a6 5. Bd3 Bc5 6. Nb3 Be7 7. O-O d6 8. Nc3
Nf6 9. a4 b6 10. Be3 Nc6 11. Be2 Bb7 12. f4 O-O 13. Bf3 Qc7 14. Qe2 Nd7 15.
Rad1 Rfe8 16. Qf2 Bf8 17. Ne2 Nb4 18. Ned4 e5 19. fxe5 Nxe5 20. Bd2 Nbc6 21.
Nf5 Re6 22. Nbd4 Nxf3+ 23. Qxf3 Nxd4 24. Nxd4 Rxe4 25. Qf2 Rg4 26. g3 Rxd4 27.
Qxd4 Qc6 28. Kf2 Re8 0-1

[Event "43. Olimpiada Batumi 2018 Femenina"]
[Site "Batumi GEO"]
[Date "2018.09.24"]
[Round "1.4"]
[White "Lahav, Michal"]
[Black "Shibata, Misaki"]
[Result "0-1"]
[WhiteElo "2151"]
[BlackElo "1605"]
[PlyCount "52"]
[EventDate "2018.09.24"]
[EventType "team-swiss"]
[EventRounds "11"]
[EventCountry "GEO"]
[SourceTitle "Ajedrez en Madrid"]
[Source "lmi"]
[SourceDate "2018.09.24"]
[WhiteTeam "Israel"]
[BlackTeam "Japan"]
[WhiteTeamCountry "ISR"]
[BlackTeamCountry "JPN"]

1. e4 e6 2. d4 d5 3. Nd2 Nf6 4. e5 Nfd7 5. Bd3 c5 6. c3 Nc6 7. Ne2 cxd4 8. cxd4
Qb6 9. Nf3 f6 10. exf6 Nxf6 11. O-O Bd6 12. a3 O-O 13. b4 a6 14. Bg5 Bd7 15.
Bh4 Kh8 16. Re1 Rae8 17. Bg3 Bxg3 18. hxg3 e5 19. Nxe5 Nxe5 20. dxe5 Ng4 21.
Rf1 Nxf2 22. Rxf2 Qxf2+ 23. Kh2 Rxe5 24. Ng1 Rg5 25. Qe1 Rh5+ 26. Nh3 Rxh3# 0-1

[Event "43. Olimpiada Batumi 2018 Femenina"]
[Site "Batumi GEO"]
[Date "2018.09.24"]
[Round "1.1"]
[White "Marrero Lopez, Yaniet"]
[Black "A-Ali, Sali Abbas Abdulzah"]
[Result "1-0"]
[WhiteElo "2281"]
[BlackElo "1848"]
[PlyCount "57"]
[EventDate "2018.09.24"]
[EventType "team-swiss"]
[EventRounds "11"]
[EventCountry "GEO"]
[SourceTitle "Ajedrez en Madrid"]
[Source "lmi"]
[SourceDate "2018.09.24"]
[WhiteTeam "Cuba"]
[BlackTeam "Iraq"]
[WhiteTeamCountry "CUB"]
[BlackTeamCountry "IRQ"]

1. e4 e6 2. d4 d5 3. e5 c5 4. c3 Nc6 5. Nf3 Qb6 6. a3 c4 7. Nbd2 Na5 8. Rb1 Bd7
9. Be2 Ne7 10. O-O Ng6 11. g3 Be7 12. h4 O-O-O 13. Re1 f6 14. h5 Nf8 15. Nf1
Bxa3 16. Bh6 gxh6 17. bxa3 Qc7 18. exf6 Nc6 19. Qd2 e5 20. dxe5 Bf5 21. Rb5 Be4
22. Qxh6 Nxe5 23. Nxe5 Qxe5 24. Qe3 a6 25. Rc5+ Kb8 26. Bxc4 Qxh5 27. Qxe4 Qh6
28. Rxd5 Nd7 29. Rb1 1-0

[Event "43. Olimpiada Batumi 2018 Femenina"]
[Site "Batumi GEO"]
[Date "2018.09.24"]
[Round "1.2"]
[White "Al-Fayyadh, Yamama Asif Abdula"]
[Black "Arribas Robaina, Maritza"]
[Result "0-1"]
[WhiteElo "1604"]
[BlackElo "2243"]
[PlyCount "66"]
[EventDate "2018.09.24"]
[EventType "team-swiss"]
[EventRounds "11"]
[EventCountry "GEO"]
[SourceTitle "Ajedrez en Madrid"]
[Source "lmi"]
[SourceDate "2018.09.24"]
[WhiteTeam "Iraq"]
[BlackTeam "Cuba"]
[WhiteTeamCountry "IRQ"]
[BlackTeamCountry "CUB"]

1. e4 d6 2. d4 g6 3. Nf3 Bg7 4. Be2 Bg4 5. h3 Bxf3 6. Bxf3 Nc6 7. c3 Nf6 8. O-O
O-O 9. Nd2 e5 10. Nb3 Nd7 11. d5 Ne7 12. Qc2 f5 13. Bg5 Bf6 14. Bxf6 Nxf6 15.
c4 fxe4 16. Bxe4 Nxe4 17. Qxe4 Rf4 18. Qc2 Qd7 19. Rac1 b6 20. Nd2 Raf8 21. Ne4
Nf5 22. Qd3 Nd4 23. Nc3 Rh4 24. Qg3 Rff4 25. b3 Qf5 26. Rfe1 Rh5 27. Ne2 Rg5
28. Nxd4 exd4 29. Qh2 d3 30. Rcd1 Rxf2 31. Rf1 Rxf1+ 32. Rxf1 d2 33. Rxf5 Rxf5
0-1